000 00816nam a2200205 i 4500
001 40610
003 ES-MaACL
005 20250901095955.0
007 t|
008 030306s1948 sp ||||1| spa d
100 1 _aCapella, Miguel.
_934822
245 1 3 _aLa casa-palacio de la Cámara de la Industria de Madrid
_b: (antigua mansión de los Duques de Santoña) : sus antecedentes históricos : su valor artístico actual /
_cpor Miguel Capella.
260 _aMadrid :
_b[s.n.],
_c1948 (
_fGráfica Administrativa)
300 _a102 p., 21 lám. ;
_c28 cm.
610 2 4 _aPalacio de Santoña (Madrid)
_9157394
610 2 4 _aCámara de Comercio, Industria y Navegación de Madrid
_92367
651 _aMadrid-
_xEdificios, estructuras, etc.
_98959
852 _aES-MaACL
_j1682-F-9
_bR.25921
999 _c40610
_d40610